La politique française en 2025 - Statistiques

Statistiques générales
  • Ce quiz a été pris 109 fois
  • Le résultat moyen est 9 sur 20
Statistiques - réponses
Indice Réponse % Correct
Homme politique condamné pour apologie de crime de guerre, contestation de crimes contre l'humanité, provocation à la haine, à la discrimination et à la violence raciale, injures publiques ou violences mort en janvier 2025 Jean-Marie le Pen
78%
Premier Ministre de la France ayant mis 1 mois à composer son gouvernement, pour démissionner le lendemain avant d'être renommé quelques jours plus tard Sébastien Lecornu
76%
Parti politique français condamné pour détournement de fonds publics à hauteur de 4,1 millions d'euros dans l'affaire des assistants parlementaires Rassemblement National
75%
Etablissement scolaire dans lequel ont été commis des violences physiques et sexuelles dans les années 1980 et 1990, sans que François Bayrou, déjà responsable politique, n'agisse Notre-Dame de Bétharram
71%
Ministre de la Culture ciblée par une enquête pour non-déclaration de bijoux d'une valeur de 420 000 € à la Haute Autorité pour la Transparence de la Vie Publique Rachida Dati
65%
Ministre de l'Intérieur jusqu'en septembre 2025 et nouveau président des Républicains pour qui l'Etat de Droit n'est "ni intangible, ni sacré" et pour qui "l'immigration n'est pas une chance" Bruno Retailleau
59%
Homme politique réélu Premier Secrétaire du Parti Socialiste en 2025, il propose aux mairies de hisser le drapeau de la Palestine à l'occasion de sa reconnaissance par la France Olivier Faure
58%
Ancien ministre de la Justice ayant permis l'abolition de la peine de mort en France en 1981, il fut panthéonisé en 2025 Robert Badinter
58%
Organisation islamiste qui fut l'objet d'un rapport controversé sur son influence en France, qualifiée d'"entrisme frériste" Frères Musulmans
56%
Economiste ayant donné son nom à une taxe sur les ultra riches, celle-ci provoqua d'intenses débats avant d'être finalement rejetée par le Parlement Gabriel Zucman
52%
Propos tenus par Brigitte Macron qualifiant des féministes venues manifester contre un spectacle d'Ary Abittan, accusé de viol mais ayant bénéficié d'un non-lieu Sales connes
44%
Ancien président de l'Assemblée Nationale, cet allié d'Emmanuel Macron est élu de justesse comme nouveau président du Conseil Constitutionnel Richard Ferrand
41%
Livre écrit par Nicolas Sarkozy racontant ses 21 jours de prison, au cours desquels il dut manger des yaourts et subir les railleries des autres prisonniers Le journal d'un prisonnier
37%
Mouvement de protestation contre les politiques austères de François Bayrou, appelant au blocage du pays et menant à la démission du Premier Ministre 10 septembre / Bloquons tout
34%
Maison d'édition détenue par Vincent Bolloré ayant publié en quelques semaines les livres de Philippe De Villiers, Eric Zemmour, Jordan Bardella et Nicolas Sarkozy Fayard
24%
Chef d'accusation pour lequel Nicolas Sarkozy a été condamné à 5 ans de prison ferme Association de malfaiteurs
18%
Sénateur LIRT ayant fait la une des médias américains pour son discours en défense à l'Ukraine et critiquant vivement Donald Trump et sa "confiscation de la démocratie" Claude Malhuret
16%
Militant engagé contre le narcotrafic, notamment à Marseille, dont le frère Mehdi a été assassiné en novembre 2025 Amine Kessaci
11%
Jeune fidèle musulman assassiné en raison de sa religion dans une mosquée. Cet acte marqua le pays et relança des discussions sur l'islamophobie et la réaction de l'Etat pour protéger les musulmans de France. Aboubakar Cissé
5%
Somme allouée pour les aides aux entreprises en 2023, selon un rapport du Sénat, entraînant un débat national sur ces aides et ce qui a été effectué avec 211 milliards
4%
Aucun quiz correspondant
Distribution des résultats
% des personnes avec chaque résultat
Percentile par nombre de réponses
Votre historique - résultats
Vous n’avez pas pris ce quiz